Ajax all time xi - Statistics

General Stats
  • This quiz has been taken 126 times
  • The average score is 5 of 11
Answer Stats
Hint Answer % Correct
FW(Netherlands) Johan Cruyff
93%
GK(Netherlands) Edwin van der Sar
87%
MF(Finland) Jari Litmanen
80%
DF(Netherlands) Frank de Boer
70%
MF(Netherlands) Edgar Davids
49%
DF(Netherlands) Danny Blind
42%
MF(Netherlands) Johan Neeskens
36%
DF(Netherlands) Ruud Krol
31%
FW(Netherlands) Johnny Rep
20%
DF(Netherlands) Wim Suurbier
15%
FW(Netherlands) Piet Keizer
14%
No matching quizzes found
Score Distribution
Percent of People with Each Score
Percentile by Number Answered
Your Score History
You have not taken this quiz